000 00707nam a2200229Ia 4500
001 3024
003 GE_BSU
008 181216s||||||||xx |||||||||||||| ||und||
020 _a5279017647
040 _cGE_BSU
080 _a657.4(075.8)
245 _aНациональное счетоводство
245 _bМЭСИ Учебник
245 _cпод. ред. Кулагиной Г.Д. авт. Г.Д. Кулагина, Б.И. Башкатов и др
260 _aМосква
260 _bФинансы и статистика
260 _c1997
300 _a448 с. 20 см.
541 _h15 л. 40 т.
653 _aНациональное счетоводство
942 _cBK
999 _c37070
_d37070